[Event "Remote S7E Easy-183 email"]
[Site "Remote email"]
[Date "2014.01.09"]
[Round "?"]
[White "Baer, Cy"]
[Black "Hessel, Michael"]
[Result "0-1"]
[WhiteElo "1697"]
[BlackElo "1685"]
[PlyCount "64"]
[EventDate "2014.??.??"]
[EventType "tourn (corr)"]
[EventRounds "6"]
[EventCountry "GER"]
[SourceTitle "Corr 2015"]
[Source "ChessBase"]
[SourceDate "2015.07.17"]
[SourceVersion "1"]
[SourceVersionDate "2015.07.17"]
[SourceQuality "1"]

1. e4 c5 2. Bc4 e6 3. Nc3 Nc6 4. Nf3 d6 5. 0-0 Nf6 6. d3 Be7 7. a3 0-0 8. Be3 a6 9. Ne2 b5 10. Ba2 b4 11. axb4 cxb4 12. c4 a5 13. b3 Ng4 14. h3 Nxe3 15. fxe3 Qb6 16. Kf2 Bb7 17. Nfd4 Nxd4 18. exd4 Bf6 19. c5 Qc7 20. cxd6 Qxd6 21. e5 Bxe5 22. dxe5 Qc5+ 23. d4 Qb6 24. Ke3 Bxg2 25. Rg1 Qc6 26. Rxg2 Qxg2 27. Nf4 Qg3+ 28. Qf3 Qg5 29. Rh1 Rac8 30. Kd2 Rc3 31. Qf2 Rfc8 32. Bb1 Rxb3 0-1

[Event "Remote S7E Easy-178 email"]
[Site "Remote email"]
[Date "2013.11.19"]
[Round "?"]
[White "Biskopp, Wolf Ulrich"]
[Black "Hessel, Michael"]
[Result "1-0"]
[WhiteElo "2309"]
[BlackElo "1685"]
[PlyCount "51"]
[EventDate "2013.??.??"]
[EventType "tourn (corr)"]
[EventRounds "6"]
[EventCountry "GER"]
[SourceTitle "Corr 2015"]
[Source "ChessBase"]
[SourceDate "2015.07.17"]
[SourceVersion "1"]
[SourceVersionDate "2015.07.17"]
[SourceQuality "1"]

1. d4 d5 2. c4 dxc4 3. e3 e6 4. Bxc4 Nf6 5. Nf3 c6 6. 0-0 b5 7. Bd3 Bb7 8. Nc3 Bb4 9. Ne5 0-0 10. Ne4 Nxe4 11. Bxe4 f6 12. Nd3 Bd6 13. Bd2 Qc7 14. f4 f5 15. Bf3 Nd7 16. Qb3 Rae8 17. Rac1 Qb6 18. Bb4 Bxb4 19. Qxb4 a5 20. Qd6 Nb8 21. Ne5 Rf6 22. Rc2 Qd8 23. Qxd8 Rxd8 24. Rfc1 Rff8 25. Kf2 Na6 26. Bxc6 1-0

[Event "Remote S7E Basic-69 email"]
[Site "Remote email"]
[Date "2013.10.03"]
[Round "?"]
[White "Hessel, Michael"]
[Black "Baer, Cy"]
[Result "0-1"]
[WhiteElo "1685"]
[BlackElo "1697"]
[PlyCount "82"]
[EventDate "2013.??.??"]
[EventType "tourn (corr)"]
[EventRounds "6"]
[EventCountry "GER"]
[SourceTitle "Corr 2015"]
[Source "ChessBase"]
[SourceDate "2015.07.17"]
[SourceVersion "1"]
[SourceVersionDate "2015.07.17"]
[SourceQuality "1"]

1. d4 d5 2. e3 Bf5 3. Nf3 Nf6 4. Nc3 Nc6 5. Bb5 a6 6. Bxc6+ bxc6 7. Ne5 Bd7 8. 0-0 g6 9. b3 Bg7 10. f3 0-0 11. Ba3 Ne8 12. f4 f6 13. Nxd7 Qxd7 14. Qe2 a5 15. Rf3 Kf7 16. Rh3 Rh8 17. Rf1 f5 18. Bc5 Nd6 19. Bxd6 exd6 20. a3 Rae8 21. Qa6 Ra8 22. Qe2 Rae8 23. Qa6 Ra8 24. Qe2 Bf6 25. Rhf3 Rhe8 26. h3 Bxd4 27. Qd3 Bf6 28. Re1 Bxc3 29. Qxc3 Re4 30. Qd3 Qe6 31. c3 c5 32. Qb5 Kf6 33. Qb7 Rc8 34. a4 d4 35. cxd4 cxd4 36. Qb5 c5 37. Kf2 Re8 38. Qd3 Rb8 39. Qd2 Rxb3 40. Qxa5 dxe3+ 41. Ke2 Qc4+ 0-1

[Event "Remote S7E Easy-172 email"]
[Site "Remote email"]
[Date "2013.09.26"]
[Round "?"]
[White "Baer, Cy"]
[Black "Hessel, Michael"]
[Result "0-1"]
[WhiteElo "1644"]
[BlackElo "1832"]
[PlyCount "68"]
[EventDate "2013.??.??"]
[EventType "tourn (corr)"]
[EventRounds "6"]
[EventCountry "GER"]
[SourceTitle "Corr 2015"]
[Source "ChessBase"]
[SourceDate "2015.07.17"]
[SourceVersion "1"]
[SourceVersionDate "2015.07.17"]
[SourceQuality "1"]

1. e4 e5 2. Bc4 Nf6 3. Nc3 Bc5 4. Nf3 0-0 5. 0-0 Nc6 6. a3 a5 7. d3 h6 8. Nd5 Nd4 9. Nxe5 d6 10. Nxf6+ Qxf6 11. Ng4 Bxg4 12. Qxg4 Nxc2 13. Ra2 Nd4 14. Be3 c6 15. Kh1 b5 16. Bxd4 Bxd4 17. Bb3 Rae8 18. f3 Bxb2 19. Rf2 Bd4 20. Rfe2 Be5 21. Rec2 a4 22. Bxa4 bxa4 23. f4 Qxf4 24. Qxf4 Bxf4 25. Rxc6 Rc8 26. Rac2 Rb8 27. g3 Be5 28. R6c4 Rb2 29. Rxb2 Bxb2 30. Rxa4 Rd8 31. Kg2 Rc8 32. Kf3 Rc3 33. Ke2 Rc2+ 34. Ke3 Rxh2 0-1

[Event "Remote S7E Easy-172 email"]
[Site "Remote email"]
[Date "2013.09.26"]
[Round "?"]
[White "Hessel, Michael"]
[Black "Biskopp, Wolf Ulrich"]
[Result "0-1"]
[WhiteElo "1685"]
[BlackElo "2309"]
[PlyCount "52"]
[EventDate "2013.??.??"]
[EventType "tourn (corr)"]
[EventRounds "6"]
[EventCountry "GER"]
[SourceTitle "Corr 2015"]
[Source "ChessBase"]
[SourceDate "2015.07.17"]
[SourceVersion "1"]
[SourceVersionDate "2015.07.17"]
[SourceQuality "1"]

1. e4 c5 2. Bc4 Nc6 3. Nf3 e6 4. 0-0 a6 5. Nc3 b5 6. Be2 Nf6 7. d3 Qc7 8. h3 Be7 9. Be3 0-0 10. Qe1 d5 11. exd5 exd5 12. d4 c4 13. Qd2 Re8 14. Bf4 Bd6 15. Bxd6 Qxd6 16. Ng5 Ra7 17. Rae1 Rae7 18. g3 h6 19. Nf3 b4 20. Na4 Bxh3 21. c3 Ne4 22. Qc1 Nxg3 23. Nb6 Rxe2 24. Ne5 Bxf1 25. Qf4 Nxe5 26. Rxe2 Nxe2+ 0-1

[Event "Remote email"]
[Site "Remote email"]
[Date "2013.09.18"]
[Round "?"]
[White "Daniel, Achim"]
[Black "Hessel, Michael"]
[Result "1-0"]
[WhiteElo "1854"]
[BlackElo "1832"]
[PlyCount "101"]
[EventDate "2013.??.??"]
[EventType "tourn (corr)"]
[EventRounds "6"]
[EventCountry "GER"]
[SourceTitle "Corr 2015"]
[Source "ChessBase"]
[SourceDate "2015.07.17"]
[SourceVersion "1"]
[SourceVersionDate "2015.07.17"]
[SourceQuality "1"]

1. d4 d5 2. c4 Nf6 3. Nc3 e6 4. cxd5 exd5 5. e3 Bd6 6. Qc2 0-0 7. g3 a6 8. Bg2 c6 9. Nf3 Re8 10. 0-0 Ne4 11. Nxe4 dxe4 12. Nd2 b5 13. Bxe4 f5 14. Bxc6 Qc7 15. Qb3+ Be6 16. Bd5 Qf7 17. Bxe6 Rxe6 18. Nf3 Rh6 19. Qxf7+ Kxf7 20. Ng5+ Kg8 21. Bd2 Nd7 22. Rac1 Be7 23. Rc7 Rd8 24. Nf3 Bd6 25. Rc2 Nf6 26. Rfc1 Ne4 27. Ba5 Re8 28. b4 Rg6 29. Rc8 Kf7 30. Nh4 Rf6 31. Bd8 Be7 32. Bxe7 Rxe7 33. R1c7 Nd6 34. Rxe7+ Kxe7 35. Ra8 Ne8 36. Ra7+ Kf8 37. f4 Rc6 38. Nxf5 Rc1+ 39. Kf2 Rc2+ 40. Kf3 Rxa2 41. d5 Rxh2 42. Rxa6 Nc7 43. Rb6 Nxd5 44. Rxb5 Nf6 45. Rb7 g6 46. Nd4 Rb2 47. b5 Kg8 48. b6 Nd5 49. Rb8+ Kf7 50. b7 Rb6 51. Rh8 1-0

[Event "Remote S7E Easy-168 email"]
[Site "Remote email"]
[Date "2013.09.11"]
[Round "?"]
[White "Hessel, Michael"]
[Black "Gottwald, Bernhard"]
[Result "1-0"]
[WhiteElo "1864"]
[BlackElo "1930"]
[PlyCount "47"]
[EventDate "2013.??.??"]
[EventType "tourn (corr)"]
[EventRounds "6"]
[EventCountry "GER"]
[SourceTitle "Corr 2015"]
[Source "ChessBase"]
[SourceDate "2015.07.17"]
[SourceVersion "1"]
[SourceVersionDate "2015.07.17"]
[SourceQuality "1"]

1. d4 Nf6 2. Nf3 e6 3. Nc3 c5 4. d5 d6 5. e4 Be7 6. Bc4 0-0 7. 0-0 a6 8. Re1 b5 9. Be2 Bb7 10. dxe6 fxe6 11. Ng5 Qd7 12. Bg4 Nxg4 13. Qxg4 Rf6 14. Rd1 Rg6 15. Qh5 Bxg5 16. Bxg5 b4 17. Ne2 e5 18. Ng3 a5 19. Nf5 Bxe4 20. Ne7+ Kh8 21. Nxg6+ Bxg6 22. Qf3 Nc6 23. Rd2 Ra6 24. Qf8# 1-0

[Event "Remote email"]
[Site "Remote email"]
[Date "2013.08.26"]
[Round "?"]
[White "Hessel, Michael"]
[Black "Schmitz, Hermann Josef"]
[Result "0-1"]
[WhiteElo "1864"]
[BlackElo "2000"]
[PlyCount "46"]
[EventDate "2013.??.??"]
[EventType "tourn (corr)"]
[EventRounds "6"]
[EventCountry "GER"]
[SourceTitle "Corr 2015"]
[Source "ChessBase"]
[SourceDate "2015.07.17"]
[SourceVersion "1"]
[SourceVersionDate "2015.07.17"]
[SourceQuality "1"]

1. d4 d5 2. Nc3 Nf6 3. Nf3 e6 4. Ne5 Bd6 5. e3 Nbd7 6. Bb5 c6 7. Bd3 Bxe5 8. dxe5 Nxe5 9. 0-0 Nxd3 10. Qxd3 0-0 11. b3 e5 12. h3 e4 13. Qd4 Re8 14. Ba3 h6 15. Bc5 Nh7 16. Rad1 Qg5 17. Bxa7 Bxh3 18. g3 Bxf1 19. Kxf1 Qg4 20. Bc5 Ng5 21. Qb4 Rxa2 22. Qxb7 Rxc2 23. Qc7 Qh3+ 0-1